AP Art History - Practice for Recognizing Images (Unit 1) - Statistics

General Stats
  • This quiz has been taken 102 times
  • The average score is 5 of 11
Answer Stats
Picture Answer % Correct
Stonehenge
89%
Jade Cong
74%
Apollo 11 Stones
67%
Running Horned Woman
56%
Ambum Stone
51%
Anthropomorphic Stele
45%
Camelid Sacrum
38%
Terra Cotta Fragment
32%
Great Hall of the Bulls
25%
Bushel with Ibex Motifs
12%
Tlatico Female Figure
7%
No matching quizzes found
Score Distribution
Percent of People with Each Score
Percentile by Number Answered
Your Score History
You have not taken this quiz